[Event "OEBRO 85th Anniversary GM 2021"]
[Site "Copenhagen"]
[Date "2021.10.23"]
[Round "8.5"]
[White "Larsen, Karsten"]
[Black "Hector, Jonny"]
[Result "1-0"]
[WhiteElo "2252"]
[BlackElo "2443"]
[Annotator "ChessBase"]
[PlyCount "107"]
[EventDate "2021.10.18"]
[EventType "swiss"]
[EventCountry "DEN"]
[SourceTitle "playchess.com"]
[Source "ChessBase"]
[SourceQuality "1"]
[TimeControl "40/5400+30:900+30"]

1. d4 {[%emt 0:00:05]} d5 {[%emt 0:00:15]} 2. Nf3 {[%emt 0:00:16]} Nc6 {[%emt 0:00:47]} 3. Bf4 {[%emt 0:03:11]} Bg4 {[%emt 0:00:18]} 4. Nbd2 {[%emt 0:05:47]} f6 {[%emt 0:04:07]} 5. c3 {[%emt 0:00:31]} Qd7 {[%emt 0:02:33]} 6. Qb3 {[%emt 0:04:30]} O-O-O {[%emt 0:09:55]} 7. e3 {[%emt 0:00:46]} g5 {[%emt 0:03:54]} 8. Bg3 {[%emt 0:00:12]} h5 {[%emt 0:01:33]} 9. h4 {[%emt 0:09:39]} Bxf3 {[%emt 0:04:10]} 10. Nxf3 {[%emt 0:00:37]} g4 {[%emt 0:01:49]} 11. Nd2 {[%emt 0:00:15]} Nh6 {[%emt 0:04:16]} 12. Bd3 {[%emt 0:12:50]} e5 {[%emt 0:02:48]} 13. O-O-O {[%emt 0:08:10]} Nf5 {[%emt 0:05:03]} 14. Bxf5 {[%emt 0:03:57]} Qxf5 {[%emt 0:00:08]} 15. Rhe1 {[%emt 0:04:57]} Bh6 {[%emt 0:02:15]} 16. Qa4 {[%emt 0:05:59]} Rd6 {[%emt 0:11:02]} 17. Nb3 {[%emt 0:05:03]} Kb8 {[%emt 0:03:28]} 18. Nc5 {[%emt 0:02:03]} Ka8 {[%emt 0:03:56]} 19. Rd2 {[%emt 0:14:39]} Nd8 {[%emt 0:09:31]} 20. Red1 {[%emt 0:01:17]} Rc6 {[%emt 0:06:18]} 21. Rc2 {[%emt 0:07:49]} Ne6 {[%emt 0:05:00]} 22. b4 {[%emt 0:01:42]} Nxc5 {[%emt 0:02:05]} 23. dxc5 {[%emt 0:00:58]} Qe4 {[%emt 0:03:45]} 24. Qb3 {[%emt 0:01:33]} Qxg2 {[%emt 0:02:37]} 25. Qxd5 {[%emt 0:01:09]} Qxd5 {[%emt 0:00:42]} 26. Rxd5 {[%emt 0:00:05]} b6 {[%emt 0:01:55]} 27. Rcd2 {[%emt 0:00:33]} Kb7 {[%emt 0:01:23]} 28. Kc2 {[%emt 0:01:16]} bxc5 {[%emt 0:01:05]} 29. b5 {[%emt 0:01:15]} Re6 {[%emt 0:00:46]} 30. Rxc5 {[%emt 0:00:38]} Rd6 {[%emt 0:04:08]} 31. Rxd6 {[%emt 0:02:13]} cxd6 {[%emt 0:00:02]} 32. Rc6 {[%emt 0:00:06]} Bf8 {[%emt 0:01:53]} 33. e4 {[%emt 0:01:34]} Be7 {[%emt 0:00:14]} 34. Kb3 {[%emt 0:00:46]} Rf8 {[%emt 0:00:25]} 35. Kc4 {[%emt 0:00:13]} f5 {[%emt 0:00:08]} 36. exf5 {[%emt 0:00:23]} Rxf5 {[%emt 0:00:04]} 37. a4 {[%emt 0:01:21]} Rf3 {[%emt 0:02:50]} 38. Kd5 {[%emt 0:00:15]} Bf8 {[%emt 0:00:31]} 39. a5 {[%emt 0:00:16]} Rf7 {[%emt 0:01:30]} 40. Ke6 {[%emt 0:00:56]} Rc7 {[%emt 0:00:22]} 41. Rxc7+ {[%emt 0:03:04]} Kxc7 {[%emt 0:00:02]} 42. c4 {[%emt 0:00:51]} Bh6 {[%emt 0:01:30]} 43. c5 {[%emt 0:03:15]} dxc5 {[%emt 0:00:07]} 44. Bxe5+ {[%emt 0:00:07]} Kb7 {[%emt 0:00:19]} 45. Kd5 {[%emt 0:01:14]} Bd2 {[%emt 0:00:34]} 46. a6+ {[%emt 0:02:42]} Ka8 {[%emt 0:12:07]} 47. Kxc5 {[%emt 0:04:06]} g3 {[%emt 0:00:38]} 48. Bxg3 {[%emt 0:01:22]} Bb4+ {[%emt 0:00:22]} 49. Kc6 {[%emt 0:00:33]} Bc5 {[%emt 0:00:40]} 50. Kd5 {[%emt 0:00:17]} Bd4 {[%emt 0:00:17]} 51. f4 {[%emt 0:00:42]} Be3 {[%emt 0:00:14]} 52. Ke4 {[%emt 0:00:16]} Bc5 {[%emt 0:00:37]} 53. f5 {[%emt 0:00:24]} Bd6 {[%emt 0:00:09]} 54. Be5 {[%emt 0:00:15]} 1-0

[Event "OEBRO 85th Anniversary GM 2021"]
[Site "Copenhagen"]
[Date "2021.10.23"]
[Round "8.6"]
[White "Brondt, Nicolai Kvist"]
[Black "Siddharth, Jagadeesh"]
[Result "1/2-1/2"]
[WhiteElo "2217"]
[BlackElo "2336"]
[Annotator "ChessBase"]
[PlyCount "110"]
[EventDate "2021.10.18"]
[EventType "swiss"]
[EventCountry "DEN"]
[SourceTitle "playchess.com"]
[Source "ChessBase"]
[SourceQuality "1"]
[TimeControl "40/5400+30:900+30"]

1. d4 {[%emt 0:00:02]} Nf6 {[%emt 0:04:54]} 2. c4 {[%emt 0:00:04]} c5 {[%emt 0:00:09]} 3. d5 {[%emt 0:00:04]} b5 {[%emt 0:00:06]} 4. Qc2 {[%emt 0:00:04]} b4 {[%emt 0:00:08]} 5. e4 {[%emt 0:00:49]} d6 {[%emt 0:00:08]} 6. Bd3 {[%emt 0:01:58]} g6 {[%emt 0:00:08]} 7. Nf3 {[%emt 0:08:25]} Bg7 {[%emt 0:00:09]} 8. O-O {[%emt 0:00:06]} O-O {[%emt 0:00:07]} 9. h3 {[%emt 0:02:30]} a5 {[%emt 0:00:10]} 10. Nbd2 {[%emt 0:07:22]} e5 {[%emt 0:01:45]} 11. a3 {[%emt 0:11:51]} Na6 {[%emt 0:01:15]} 12. Re1 {[%emt 0:04:04]} Nh5 {[%emt 0:03:20]} 13. Nf1 {[%emt 0:01:22]} h6 {[%emt 0:01:07]} 14. Ng3 {[%emt 0:08:15]} Nf4 {[%emt 0:04:41]} 15. Bf1 {[%emt 0:06:55]} Qf6 {[%emt 0:09:04]} 16. Nh2 {[%emt 0:04:46]} h5 {[%emt 0:10:14]} 17. Ne2 {[%emt 0:03:11]} Bd7 {[%emt 0:14:04]} 18. Bd2 {[%emt 0:02:51]} Bh6 {[%emt 0:03:36]} 19. g3 {[%emt 0:05:22]} Nxe2+ {[%emt 0:10:29]} 20. Rxe2 {[%emt 0:00:12]} Qg7 {[%emt 0:02:22]} 21. Bg2 {[%emt 0:10:47]} f5 {[%emt 0:02:45]} 22. exf5 {[%emt 0:03:29]} gxf5 {[%emt 0:01:36]} 23. Bxh6 {[%emt 0:02:03]} Qxh6 {[%emt 0:00:02]} 24. f4 {[%emt 0:00:47]} e4 {[%emt 0:05:27]} 25. Nf1 {[%emt 0:02:20]} h4 {[%emt 0:03:03]} 26. Re3 {[%emt 0:02:00]} hxg3 {[%emt 0:04:22]} 27. Rxg3+ {[%emt 0:00:04]} Kh7 {[%emt 0:00:40]} 28. Qf2 {[%emt 0:01:00]} Rg8 {[%emt 0:00:54]} 29. Rxg8 {[%emt 0:01:40]} Rxg8 {[%emt 0:00:16]} 30. Kh2 {[%emt 0:00:15]} Qf6 {[%emt 0:02:42]} 31. Rc1 {[%emt 0:01:11]} bxa3 {[%emt 0:07:59]} 32. bxa3 {[%emt 0:00:02]} Rb8 {[%emt 0:00:16]} 33. Qe1 {[%emt 0:01:54]} Qh6 {[%emt 0:03:26]} 34. Qg3 {[%emt 0:01:22]} Nc7 {[%emt 0:01:19]} 35. Nd2 {[%emt 0:04:19]} Ne8 {[%emt 0:02:45]} 36. Rb1 {[%emt 0:00:51]} Rxb1 {[%emt 0:01:24]} 37. Nxb1 {[%emt 0:00:01]} Nf6 {[%emt 0:01:06]} 38. Nc3 {[%emt 0:01:28]} Qg6 {[%emt 0:00:59]} 39. Qg5 {[%emt 0:02:52]} a4 {[%emt 0:00:29]} 40. Kg3 {[%emt 0:00:58]} Nh5+ {[%emt 0:00:30]} 41. Kf2 {[%emt 0:15:53]} Ng7 {[%emt 0:11:02]} 42. h4 {[%emt 0:00:00]} Qe8 {[%emt 0:00:11]} 43. Bf1 {[%emt 0:00:00]} Qb8 {[%emt 0:02:31]} 44. Nb5 {[%emt 0:00:00]} Bxb5 {[%emt 0:02:22]} 45. cxb5 {[%emt 0:00:00]} Qe8 {[%emt 0:00:09]} 46. h5 {[%emt 0:00:00]} Nxh5 {[%emt 0:01:41]} 47. Qxf5+ {[%emt 0:00:00]} Kh8 {[%emt 0:00:33]} 48. Qe6 {[%emt 0:00:22]} Qf8 {[%emt 0:00:26]} 49. f5 {[%emt 0:01:01]} Nf6 {[%emt 0:00:34]} 50. b6 {[%emt 0:00:59]} Qh6 {[%emt 0:00:01]} 51. Be2 {[%emt 0:02:12]} Qf4+ {[%emt 0:00:34]} 52. Kg2 {[%emt 0:00:31]} Qg5+ {[%emt 0:00:24]} 53. Kf2 {[%emt 0:00:38]} Qf4+ {[%emt 0:00:58]} 54. Kg2 {[%emt 0:00:40]} Qg5+ {[%emt 0:00:25]} 55. Kf2 {[%emt 0:00:35]} Qf4+ {[%emt 0:00:38]} 1/2-1/2

[Event "OEBRO 85th Anniversary GM 2021"]
[Site "Copenhagen"]
[Date "2021.10.23"]
[Round "8.7"]
[White "Jacobsen, Mikkel Manosri"]
[Black "Korley, Kassa"]
[Result "0-1"]
[WhiteElo "2293"]
[BlackElo "2407"]
[Annotator "ChessBase"]
[PlyCount "104"]
[EventDate "2021.10.18"]
[EventType "swiss"]
[EventCountry "DEN"]
[SourceTitle "playchess.com"]
[Source "ChessBase"]
[SourceQuality "1"]
[TimeControl "40/5400+30:900+30"]

1. d4 {[%emt 0:14:21]} Nf6 {[%emt 0:00:04]} 2. c4 {[%emt 0:00:11]} e6 {[%emt 0:00:02]} 3. Nf3 {[%emt 0:00:04]} c5 {[%emt 0:00:04]} 4. d5 {[%emt 0:00:04]} exd5 {[%emt 0:00:02]} 5. cxd5 {[%emt 0:00:07]} d6 {[%emt 0:00:02]} 6. Nc3 {[%emt 0:00:07]} g6 {[%emt 0:00:10]} 7. Nd2 {[%emt 0:00:03]} Bg7 {[%emt 0:02:41]} 8. e4 {[%emt 0:00:05]} O-O {[%emt 0:00:08]} 9. Be2 {[%emt 0:00:03]} Na6 {[%emt 0:02:13]} 10. O-O {[%emt 0:00:10]} Re8 {[%emt 0:01:26]} 11. f3 {[%emt 0:00:06]} Nc7 {[%emt 0:01:07]} 12. a4 {[%emt 0:00:04]} b6 {[%emt 0:00:22]} 13. Nc4 {[%emt 0:00:21]} Ba6 {[%emt 0:00:29]} 14. Bg5 {[%emt 0:03:24]} h6 {[%emt 0:02:39]} 15. Bh4 {[%emt 0:01:37]} Bxc4 {[%emt 0:04:46]} 16. Bxc4 {[%emt 0:00:04]} a6 {[%emt 0:01:58]} 17. Re1 {[%emt 0:04:07]} g5 {[%emt 0:06:08]} 18. Bf2 {[%emt 0:00:20]} Nd7 {[%emt 0:00:04]} 19. Bf1 {[%emt 0:00:34]} Be5 {[%emt 0:01:49]} 20. Rb1 {[%emt 0:02:36]} Qf6 {[%emt 0:01:49]} 21. Qd2 {[%emt 0:03:30]} Nf8 {[%emt 0:12:25]} 22. Ne2 {[%emt 0:01:31]} b5 {[%emt 0:06:05]} 23. b4 {[%emt 0:04:02]} c4 {[%emt 0:01:28]} 24. Nd4 {[%emt 0:03:04]} Ng6 {[%emt 0:00:03]} 25. Qd1 {[%emt 0:06:18]} Kh7 {[%emt 0:04:59]} 26. a5 {[%emt 0:06:11]} Rg8 {[%emt 0:01:31]} 27. g3 {[%emt 0:00:43]} Ne8 {[%emt 0:04:08]} 28. Bh3 {[%emt 0:01:45]} Ng7 {[%emt 0:00:18]} 29. Rf1 {[%emt 0:00:30]} Rae8 {[%emt 0:15:28]} 30. Kh1 {[%emt 0:02:13]} Bxd4 {[%emt 0:04:17]} 31. Bxd4 {[%emt 0:01:33]} Qe7 {[%emt 0:00:02]} 32. Qd2 {[%emt 0:01:46]} Ne5 {[%emt 0:00:35]} 33. Rbe1 {[%emt 0:02:06]} f6 {[%emt 0:05:37]} 34. Re3 {[%emt 0:02:38]} Rgf8 {[%emt 0:01:12]} 35. f4 {[%emt 0:02:59]} Nd3 {[%emt 0:01:21]} 36. Bg4 {[%emt 0:05:51]} gxf4 {[%emt 0:01:16]} 37. gxf4 {[%emt 0:00:06]} f5 {[%emt 0:04:07]} 38. Bxg7 {[%emt 0:17:29]} Kxg7 {[%emt 0:05:47]} 39. Bxf5 {[%emt 0:00:07]} Rxf5 {[%emt 0:00:19]} 40. Rg3+ {[%emt 0:00:05]} Kf7 {[%emt 0:02:28]} 41. exf5 {[%emt 0:15:52]} Qe4+ {[%emt 0:16:16]} 42. Qg2 {[%emt 0:01:17]} Qxg2+ {[%emt 0:04:03]} 43. Kxg2 {[%emt 0:00:32]} Nxb4 {[%emt 0:01:00]} 44. Rg6 {[%emt 0:01:32]} Nxd5 {[%emt 0:00:00]} 45. Kh3 {[%emt 0:00:00]} Ne3 {[%emt 0:00:00]} 46. Re1 {[%emt 0:00:00]} Nxf5 {[%emt 0:00:00]} 47. Rxe8 {[%emt 0:00:00]} Kxe8 {[%emt 0:00:00]} 48. Kg4 {[%emt 0:00:00]} Nd4 {[%emt 0:00:00]} 49. Rxd6 {[%emt 0:00:00]} c3 {[%emt 0:00:00]} 50. Rd5 {[%emt 0:00:00]} c2 {[%emt 0:00:00]} 51. Rc5 {[%emt 0:00:00]} b4 {[%emt 0:00:00]} 52. f5 {[%emt 0:00:00]} b3 0-1

[Event "OEBRO 85th Anniversary GM 2021"]
[Site "Copenhagen"]
[Date "2021.10.23"]
[Round "8.8"]
[White "Ermitsch, Magnus"]
[Black "Nielsen, Viktor Haarmark"]
[Result "1/2-1/2"]
[WhiteElo "2086"]
[BlackElo "2296"]
[Annotator "TA"]
[PlyCount "137"]
[EventDate "2021.10.18"]
[EventType "swiss"]
[EventCountry "DEN"]
[SourceTitle "playchess.com"]
[Source "ChessBase"]
[SourceQuality "1"]

{[%evp 32,137,21,-12,48,60,69,35,46,-1,0,-17,-12,-9,-18,-8,-8,-114,-118,-100,-79,-82,-113,-88,-96,-119,-55,-81,-10,-7,-8,-21,-16,-18,-10,-22,-16,-15,-6,-54,-3,-4,0,0,0,0,2,0,0,0,0,0,0,-8,-8,-11,0,0,0,0,0,0,0,0,0,0,0,0,0,0,0,0,0,0,0,0,0,0,10,10,10,11,52,41,57,8,8,8,11,0,0,0,0,0,0,0,0,0,0,0,0,0,0,0,0,0,0,0]} 1. e4 e5 2. Nf3 Nc6 3. Bb5 a6 4. Ba4 Nf6 5. O-O Be7 6. d3 b5 7. Bb3 d6 8. c3 O-O 9. Re1 Na5 10. Bc2 c5 11. Nbd2 Re8 12. Nf1 h6 13. h3 Nc6 14. d4 Bf8 15. Ng3 cxd4 16. cxd4 Bd7 17. Be3 {[#]} Nb4 $146 {C90: Closed Ruy Lopez with 7...d6: Early deviations.} ({Better is} 17... exd4 $1 $11 18. Bxd4 (18. Nxd4 d5 $11) 18... Nxd4 19. Nxd4 g6) ({Predecessor:} 17... exd4 18. Nxd4 d5 19. exd5 Nxd5 20. Nxc6 Bxc6 21. Qd3 g6 22. Bb3 Bg7 23. Rac1 Nxe3 24. Qxd8 Raxd8 25. Rxc6 {½-½ (51) Bokros,A (2479)-Beliavsky,A (2657) Szentgotthard 2010}) 18. Bb3 $14 a5 19. Bd2 Na6 {White is slightly better.} 20. dxe5 dxe5 21. Bc3 Qc7 22. Rc1 {[#] aiming for Bxe5.} Nc5 23. Bd5 Nxd5 24. Qxd5 (24. exd5 $11 {was the only way to keep the balance.} f6 25. Nh4) 24... Bc6 $17 25. Bxe5 Qb7 26. Qd1 Rad8 27. Bd4 Nxe4 28. Nf5 Nd6 (28... Re6 $17 29. Qc2 g6) 29. Rxe8 Bxe8 (29... Nxe8 $17 30. N3h4 g6) 30. Bc5 $36 {[%cal Rc5d6][%mdl 2048] White has good play.} Qb8 31. Nxd6 Bxd6 32. Bxd6 Qxd6 33. Qe1 b4 34. Ne5 Bb5 35. Nc4 Qa6 (35... Bxc4 $15 36. Rxc4 Qd1) 36. Ne3 Qe6 37. Rc5 Qb6 38. Qc1 Be8 39. Rc8 Rxc8 40. Qxc8 Qc6 41. Qxc6 Bxc6 {[%mdl 4096] Endgame KB-KN} 42. g3 Kf8 43. Kf1 g6 44. Ke2 Bb5+ 45. Kf3 Bd3 46. Ng4 Bc4 47. a3 bxa3 48. bxa3 Bd5+ 49. Ke3 Be6 50. Ne5 Bxh3 51. Nc4 Ke7 52. Nxa5 Kd6 53. Kd4 Be6 54. Nb7+ Kc7 55. Nc5 Bf5 56. Ke5 Kc6 57. Nb3 Bb1 58. Kf6 Ba2 $1 {[%cal Ra2b3] The position is equal.} 59. Nd4+ (59. Nd2 {is more complex.} Bd5 60. Ke5 Kc5 61. a4 Bb7 62. Nf1) 59... Kd5 $1 {[%cal Rd5d4]} 60. Kxf7 {Strongly threatening Ne2.} (60. Nb5 {keeps more tension.} Kc5 61. Nc3 Bb3 62. Ke5 Bc2 63. f4) 60... Kxd4+ 61. Kxg6 {KB-K3P} Ke4 62. f4 Kf3 63. Kxh6 {[#] Kg5 is the strong threat.} Kxg3 {KB-KPP} 64. f5 Kf4 65. f6 Ke5 66. Kg7 Kd6 67. f7 Bxf7 $1 68. Kxf7 Kc5 69. Ke6 {Weighted Error Value: White=0.12/Black=0.13} 1/2-1/2

[Event "OEBRO 85th Anniversary GM 2021"]
[Site "Copenhagen"]
[Date "2021.10.24"]
[Round "9.1"]
[White "Hamitevici, Vladimir"]
[Black "Ramsdal, Jens Albert"]
[Result "1/2-1/2"]
[WhiteElo "2465"]
[BlackElo "2261"]
[Annotator "ChessBase"]
[PlyCount "139"]
[EventDate "2021.10.18"]
[EventType "swiss"]
[EventCountry "DEN"]
[SourceTitle "playchess.com"]
[Source "ChessBase"]
[SourceQuality "1"]
[TimeControl "40/5400+30:900+30"]

1. Nf3 {[%emt 0:01:50]} Nf6 {[%emt 0:00:15]} 2. c4 {[%emt 0:00:12]} e6 {[%emt 0:00:14]} 3. g3 {[%emt 0:00:07]} d5 {[%emt 0:00:07]} 4. b3 {[%emt 0:00:40]} d4 {[%emt 0:01:39]} 5. Bg2 {[%emt 0:00:20]} c5 {[%emt 0:01:09]} 6. O-O {[%emt 0:03:20]} Nc6 {[%emt 0:00:05]} 7. e3 {[%emt 0:00:15]} Be7 {[%emt 0:00:26]} 8. exd4 {[%emt 0:00:33]} cxd4 {[%emt 0:04:07]} 9. d3 {[%emt 0:00:16]} O-O {[%emt 0:00:19]} 10. Bg5 {[%emt 0:02:33]} Nd7 {[%emt 0:04:39]} 11. Bxe7 {[%emt 0:02:43]} Qxe7 {[%emt 0:01:52]} 12. Re1 {[%emt 0:00:08]} Nc5 {[%emt 0:06:29]} 13. Ne5 {[%emt 0:03:02]} Nxe5 {[%emt 0:00:47]} 14. Rxe5 {[%emt 0:00:02]} a5 {[%emt 0:00:20]} 15. Qc2 {[%emt 0:01:46]} f6 {[%emt 0:01:37]} 16. Re1 {[%emt 0:00:28]} e5 {[%emt 0:00:56]} 17. Nd2 {[%emt 0:00:09]} Bf5 {[%emt 0:16:57]} 18. Ne4 {[%emt 0:00:37]} Bxe4 {[%emt 0:00:55]} 19. Bxe4 {[%emt 0:00:07]} Nxe4 {[%emt 0:01:25]} 20. Rxe4 {[%emt 0:00:07]} f5 {[%emt 0:00:23]} 21. Ree1 {[%emt 0:01:26]} Rae8 {[%emt 0:03:15]} 22. c5 {[%emt 0:01:25]} Kh8 {[%emt 0:03:30]} 23. Qc4 {[%emt 0:01:45]} Qf6 {[%emt 0:05:39]} 24. Qd5 {[%emt 0:05:26]} f4 {[%emt 0:03:48]} 25. Qg2 {[%emt 0:00:29]} f3 {[%emt 0:05:52]} 26. Qh3 {[%emt 0:01:40]} Qc6 {[%emt 0:01:24]} 27. Re4 {[%emt 0:01:46]} Qb5 {[%emt 0:06:25]} 28. Rae1 {[%emt 0:03:11]} Qxd3 {[%emt 0:01:14]} 29. Qd7 {[%emt 0:00:06]} Qc3 {[%emt 0:02:53]} 30. Qd5 {[%emt 0:01:49]} d3 {[%emt 0:00:23]} 31. Qc4 {[%emt 0:00:09]} Qxc4 {[%emt 0:01:00]} 32. bxc4 {[%emt 0:02:30]} Re7 {[%emt 0:03:40]} 33. Rd1 {[%emt 0:02:52]} Rd8 {[%emt 0:00:17]} 34. Rd2 {[%emt 0:00:27]} g6 {[%emt 0:06:11]} 35. h4 {[%emt 0:04:02]} h5 {[%emt 0:00:46]} 36. Kh2 {[%emt 0:00:30]} Kg7 {[%emt 0:00:22]} 37. g4 {[%emt 0:00:07]} Kf6 {[%emt 0:04:56]} 38. Kg3 {[%emt 0:00:09]} hxg4 {[%emt 0:00:41]} 39. Kxg4 {[%emt 0:00:11]} Rc7 {[%emt 0:00:19]} 40. Kxf3 {[%emt 0:00:38]} Rxc5 {[%emt 0:01:54]} 41. Ke3 {[%emt 0:15:07]} Rdc8 {[%emt 0:23:07]} 42. Kxd3 {[%emt 0:02:22]} Rd8+ {[%emt 0:00:00]} 43. Ke3 {[%emt 0:00:00]} Rxd2 {[%emt 0:00:00]} 44. Kxd2 {[%emt 0:00:00]} Kf5 {[%emt 0:00:00]} 45. f3 {[%emt 0:00:00]} b6 {[%emt 0:00:00]} 46. Rg4 {[%emt 0:00:00]} Rc7 {[%emt 0:00:00]} 47. Ke3 {[%emt 0:00:00]} Rd7 {[%emt 0:00:00]} 48. Rg5+ {[%emt 0:00:00]} Kf6 {[%emt 0:00:00]} 49. Ke2 {[%emt 0:02:09]} Rd6 {[%emt 0:00:00]} 50. Rg1 {[%emt 0:01:27]} Kf5 {[%emt 0:00:00]} 51. Rg5+ {[%emt 0:00:10]} Kf6 {[%emt 0:00:00]} 52. Rg1 {[%emt 0:00:07]} Rc6 {[%emt 0:00:00]} 53. Kd3 {[%emt 0:01:44]} Kf5 {[%emt 0:00:00]} 54. Rg5+ {[%emt 0:00:48]} Kf6 {[%emt 0:00:00]} 55. Rg1 {[%emt 0:00:32]} Kf7 {[%emt 0:00:00]} 56. Rg5 {[%emt 0:02:58]} Rf6 {[%emt 0:00:00]} 57. Ke4 {[%emt 0:07:37]} Rf4+ {[%emt 0:00:00]} 58. Kxe5 {[%emt 0:00:05]} Rxh4 {[%emt 0:01:49]} 59. f4 {[%emt 0:00:25]} Rh2 {[%emt 0:00:06]} 60. f5 {[%emt 0:01:36]} gxf5 {[%emt 0:00:05]} 61. Rxf5+ {[%emt 0:00:05]} Ke7 {[%emt 0:00:07]} 62. Kd5 {[%emt 0:03:47]} Rxa2 {[%emt 0:00:18]} 63. Kc6 {[%emt 0:01:52]} Rb2 {[%emt 0:01:27]} 64. Re5+ {[%emt 0:01:32]} Kf6 {[%emt 0:00:08]} 65. Rb5 {[%emt 0:00:12]} Rxb5 {[%emt 0:02:11]} 66. Kxb5 {[%emt 0:00:06]} Ke5 {[%emt 0:00:37]} 67. c5 {[%emt 0:00:07]} bxc5 {[%emt 0:00:06]} 68. Kxc5 {[%emt 0:00:04]} a4 {[%emt 0:00:05]} 69. Kb4 {[%emt 0:00:07]} a3 {[%emt 0:00:03]} 70. Kxa3 1/2-1/2

[Event "OEBRO 85th Anniversary GM 2021"]
[Site "Copenhagen"]
[Date "2021.10.24"]
[Round "9.2"]
[White "Stefansson, Vignir Vatnar"]
[Black "Kozak, Adam"]
[Result "1/2-1/2"]
[WhiteElo "2399"]
[BlackElo "2516"]
[Annotator "ChessBase"]
[PlyCount "53"]
[EventDate "2021.10.18"]
[EventType "swiss"]
[EventCountry "DEN"]
[SourceTitle "playchess.com"]
[Source "ChessBase"]
[SourceQuality "1"]
[TimeControl "40/5400+30:900+30"]

1. d4 {[%emt 0:00:04]} Nf6 {[%emt 0:03:17]} 2. c4 {[%emt 0:00:19]} e6 {[%emt 0:00:32]} 3. Nc3 {[%emt 0:00:28]} d5 {[%emt 0:01:48]} 4. cxd5 {[%emt 0:00:11]} exd5 {[%emt 0:00:09]} 5. Bg5 {[%emt 0:00:14]} c6 {[%emt 0:00:10]} 6. e3 {[%emt 0:00:08]} Nbd7 {[%emt 0:00:57]} 7. Bd3 {[%emt 0:00:32]} Be7 {[%emt 0:00:43]} 8. Nge2 {[%emt 0:00:12]} Nf8 {[%emt 0:02:12]} 9. Qc2 {[%emt 0:01:15]} Ne6 {[%emt 0:01:55]} 10. Bh4 {[%emt 0:02:06]} g6 {[%emt 0:06:21]} 11. O-O {[%emt 0:00:51]} O-O {[%emt 0:00:45]} 12. Rae1 {[%emt 0:05:47]} Ng4 {[%emt 0:05:10]} 13. Bxe7 {[%emt 0:04:43]} Qxe7 {[%emt 0:00:13]} 14. h3 {[%emt 0:00:25]} Nf6 {[%emt 0:00:30]} 15. a3 {[%emt 0:02:18]} Ng7 {[%emt 0:05:45]} 16. Nf4 {[%emt 0:04:21]} Bf5 {[%emt 0:03:24]} 17. Ra1 {[%emt 0:03:34]} Nfe8 {[%emt 0:10:20]} 18. b4 {[%emt 0:03:50]} a6 {[%emt 0:00:14]} 19. Rfe1 {[%emt 0:07:20]} Nd6 {[%emt 0:03:43]} 20. a4 {[%emt 0:01:37]} b5 {[%emt 0:03:40]} 21. a5 {[%emt 0:06:44]} Nc4 {[%emt 0:04:03]} 22. Bxf5 {[%emt 0:00:18]} Nxf5 {[%emt 0:00:08]} 23. Nd3 {[%emt 0:00:05]} Nfd6 {[%emt 0:06:11]} 24. Nc5 {[%emt 0:00:26]} Nb7 {[%emt 0:08:03]} 25. Nd3 {[%emt 0:02:57]} Nbd6 {[%emt 0:00:11]} 26. Nc5 {[%emt 0:01:07]} Nb7 {[%emt 0:00:08]} 27. Nd3 {[%emt 0:03:10]} 1/2-1/2

[Event "OEBRO 85th Anniversary GM 2021"]
[Site "Copenhagen"]
[Date "2021.10.24"]
[Round "9.3"]
[White "Yankelevich, Lev"]
[Black "Kistrup, Nicolai"]
[Result "1-0"]
[WhiteElo "2432"]
[BlackElo "2249"]
[Annotator "ChessBase"]
[PlyCount "79"]
[EventDate "2021.10.18"]
[EventType "swiss"]
[EventCountry "DEN"]
[SourceTitle "playchess.com"]
[Source "ChessBase"]
[SourceQuality "1"]
[TimeControl "40/5400+30:900+30"]

1. Nf3 {[%emt 0:00:02]} d5 {[%emt 0:02:48]} 2. g3 {[%emt 0:00:07]} c5 {[%emt 0:01:09]} 3. Bg2 {[%emt 0:00:13]} Nf6 {[%emt 0:00:26]} 4. O-O {[%emt 0:00:06]} e6 {[%emt 0:02:01]} 5. d3 {[%emt 0:01:36]} Nc6 {[%emt 0:04:26]} 6. e4 {[%emt 0:00:03]} Be7 {[%emt 0:12:44]} 7. Qe2 {[%emt 0:00:22]} dxe4 {[%emt 0:15:35]} 8. dxe4 {[%emt 0:00:04]} e5 {[%emt 0:00:55]} 9. c3 {[%emt 0:04:24]} Bg4 {[%emt 0:05:20]} 10. h3 {[%emt 0:00:49]} Bxf3 {[%emt 0:07:22]} 11. Bxf3 {[%emt 0:01:41]} O-O {[%emt 0:00:55]} 12. Rd1 {[%emt 0:01:03]} Qc7 {[%emt 0:03:30]} 13. Na3 {[%emt 0:00:49]} a6 {[%emt 0:00:50]} 14. Nc4 {[%emt 0:00:16]} b5 {[%emt 0:02:57]} 15. Ne3 {[%emt 0:00:12]} Rad8 {[%emt 0:06:10]} 16. Nf5 {[%emt 0:00:35]} Rxd1+ {[%emt 0:02:44]} 17. Qxd1 {[%emt 0:00:11]} Rd8 {[%emt 0:01:43]} 18. Qe2 {[%emt 0:00:05]} Nd7 {[%emt 0:05:29]} 19. Nxe7+ {[%emt 0:00:49]} Nxe7 {[%emt 0:00:07]} 20. Bg5 {[%emt 0:00:02]} f6 {[%emt 0:02:40]} 21. Be3 {[%emt 0:00:05]} Nb6 {[%emt 0:05:00]} 22. b3 {[%emt 0:01:09]} c4 {[%emt 0:06:16]} 23. Bxb6 {[%emt 0:00:37]} Qxb6 {[%emt 0:00:09]} 24. bxc4 {[%emt 0:00:03]} Qc5 {[%emt 0:01:55]} 25. Bg4 {[%emt 0:04:13]} Kf7 {[%emt 0:01:25]} 26. cxb5 {[%emt 0:03:23]} Qxc3 {[%emt 0:00:44]} 27. Rd1 {[%emt 0:06:43]} Rxd1+ {[%emt 0:00:38]} 28. Qxd1 {[%emt 0:00:01]} axb5 {[%emt 0:00:20]} 29. Bd7 {[%emt 0:00:12]} b4 {[%emt 0:01:11]} 30. Ba4 {[%emt 0:01:15]} g6 {[%emt 0:04:24]} 31. Bb3+ {[%emt 0:00:39]} Kg7 {[%emt 0:00:11]} 32. Qd7 {[%emt 0:00:56]} Qc5 {[%emt 0:00:57]} 33. Qe6 {[%emt 0:00:13]} Nc6 {[%emt 0:01:09]} 34. Qf7+ {[%emt 0:02:36]} Kh6 {[%emt 0:00:05]} 35. Qxf6 {[%emt 0:00:02]} Nd4 {[%emt 0:01:44]} 36. Bg8 {[%emt 0:00:13]} Qc1+ {[%emt 0:01:27]} 37. Kg2 {[%emt 0:00:03]} Qg5 {[%emt 0:01:01]} 38. Qf7 {[%emt 0:00:06]} Kh5 {[%emt 0:00:30]} 39. Qxh7+ {[%emt 0:00:20]} Qh6 {[%emt 0:00:12]} 40. Qe7 {[%emt 0:00:37]} 1-0